000 00946nam a2200265Ia 4500
003 OSt
005 20221005111615.0
006 a|||||r|||| 00| 0
007 ta
008 221004b |||||||| |||| 00| 0 hin d
020 _a9788176753128 (hbk)
_cINR 200.00
024 _a29764
037 _b276, 03/03/2017, Eastern Book Linkers
_cTextual
040 _aCRL
_cCRL
_bhin
041 _2hin
_ahin
082 _aO152,1I00:g, Q1
100 _aचौधरी, उमा शंकर, ले.
245 0 _aविमर्श में कबीर
246 _aVimarsha mean kabīra
260 _aपंचकूला
_bआधार प्रकाशन भारत
_c2011
300 _a140पृ0
_ccm.
650 _aहिन्दी कविता
942 _hO152,1I00:g, Q1
_cTEXL
_2cc
999 _c1022331
_d1022331